00552nam a22001577a 450000500170000001000150001702000260003203500140005803700130007208200100008524500750009526000670017027001050023730000330034270000190037520220913115704.0 aENG-135055 a9789332541108c370.00 aEN-118587 bDBAD/PUB a940.2 aRevisiting Modern European History 1789-1945/cEdited by Vandana Joshi aUttar PradeshbPearson India Education Services Pvt. Ltdc2011 aA-8(A), 7th Floor, Knowledge Boulevard, Sector 62bNoidae201309mcompanysecretary.india@pearson.com axxv, 350p.bIndexc21cm(pbk) aJoshi, Vandana